1028 1502 1014 1397 1482 1453 1348 1624 1751 1252 1504 1410 1469 1232 1029 1209 1236 1495 1621 1530 1135 1483 1607 1379 1775 1656 1313 1111 1231 1514 1439 1320 1435 1926 1707 1158 1437 1326 1749 1402 1336 1803 1124 1432 1256 1617 1670 1370 1752 1160 1751 1300 1962 1232 1332 1233 1692 1317 1949 1172 1695 1901 1726 1470 1567 1936 1951 1506 1863 1621 1373 1863 1890 1883 1929 1042 1844 1989 1214 1047 1090 1098 1219 1952 1344 1277 1427 1783 1318 1153 1720 1870 1139 1133 1317 1135 1164 1448 1839 BCNSPRNW ULIB Ver.6.0+V

เปลี่ยนเป็นภาษาไทย

Change to English
 แสดงรายละเอียดบรรณานุกรม
  กลับหน้าหลัก

Brief Record : Get Marc (ISO 2709) : E-mail record : QR code < ปิดหน้าต่าง
LEADER : 00000nam 2200000uu 4500
001    13399126851
003     ULIB
008    020711s2561 th a 000 0 tha d
060    วจ^aWY18^bภ363ร
100    ^aภัทรวดี ศรีนวล.
245    ^aรายงานการวิจัย เรื่อง ผลของโปรแกรมการจัดการความเครียดต่อความเครียดของนักศึกษาพยาบาล : The Effects of Stress Management Program on Stress of the Nursing Students
260    ^aชัยนาท :^bวิทยาลัยพยาบาลบรมราชชนนี ชัยนาท,^c2561
650    ^aพยาบาล^xความเครียด
945    ^p0^l0^i005510
999    ^aประนอม เกษจรัล
รายการนี้ยังไม่มีแท็ก
คุณยังไม่ได้ล็อกอิน คุณสามารถมีกิจกรรมร่วมกับเว็บไซต์ได้ แต่ต้องล็อกอินก่อน ::
  ล็อกอิน

รายการสื่อสารสนเทศ

ลำดับที่ ประเภท เลขเรียก/บาร์โค้ด สถานที่ สถานะ
1. Book การพยาบาล
Book การพยาบาล
วจ WY18 ภ363ร ฉ.1 
  Barcode: 005510
ห้องสมุดวิทยาเขตสวรรค์ประชารักษ์
►หนังสือทั่วไป
บนชั้น

BibComment


ยังไม่เคยถูกคอมเมนท์

คอมเมนท์ทรัพยากรรายการนี้
  คอมเมนท์: รายงานการวิจัย เ..


 Copyright 2026. Bcnsprnw @Library